Úvěruschopnost klienta máme pod kontrolou!

Posúdenie ekonomickej situácie a spoľahlivosti klienta. Dôkladné hodnotenie, takzvaný credit scoring je hodnotenie schopnosti klienta dlhodobo splácať svoj úver. Kontrola informácii s bankovými úverovými registrami.

Gespeichert in:
Bibliographische Detailangaben
1. Verfasser: Sobková, Martina
Format: Buchkapitel
Sprache:Tschechisch
Schlagworte:
Tags: Tag hinzufügen
Keine Tags, Fügen Sie das erste Tag hinzu!

MARC

LEADER 00000naa a2200000 4500
001 0227151
005 20221104110633.8
041 0 |a cze 
044 |a CZ 
245 1 0 |a Úvěruschopnost klienta máme pod kontrolou!  |c Martina Sobková 
520 |a Posúdenie ekonomickej situácie a spoľahlivosti klienta. Dôkladné hodnotenie, takzvaný credit scoring je hodnotenie schopnosti klienta dlhodobo splácať svoj úver. Kontrola informácii s bankovými úverovými registrami. 
610 2 0 |a úver spotrebiteľský 
610 2 0 |a disciplína platobná 
610 2 0 |a bonifikácia úroková 
610 2 0 |a klienti 
610 2 0 |a bonita 
610 2 0 |a likvidita 
610 2 0 |a registre 
610 2 0 |a kontrola 
610 2 0 |a banky 
100 1 |a Sobková, Martina